Le Italiane Si Confessano Cornache notte tempo

Uloženo v:
Podrobná bibliografie
Hlavní autor: Gabriella Parca
Médium: Kniha
Jazyk:neznámý jazyk
Vydáno: Fsc
Tagy: Přidat tag
Žádné tagy, Buďte první, kdo vytvoří štítek k tomuto záznamu!

MARC

LEADER 00000nam a2200000Ia 4500
001 R-1603
003 CODICE-MESSINA
005 20260212102510.0
008 260211s9999 xx 000 0 und d
040 |c importazione_messina 
100 |a Gabriella Parca 
245 0 |a  Le Italiane Si Confessano 
245 0 |b  Cornache notte tempo  
260 |b Fsc 
942 |2 ddc  |c BK 
952 |0 0  |1 0  |2 ddc  |4 0  |6 SCAFFALE_15_000000000000000__LGBT_S_R  |7 0  |9 32442  |a ME  |b ME  |d 2026-02-11  |l 0  |o SCAFFALE 15 - LGBT S.R.  |p R-1603  |r 2026-02-11 23:53:11  |w 2026-02-11  |x [REVISIONARE]  |y BK 
999 |c 28109  |d 28109